V jesennom šeleste

Bibliographic Details
Main Author: Pružincová, Mária, 1929-2021 (Author)
Other Authors: Majda, Oldrich, 1930-2006 (Illustrator)
Format: Book
Language:Slovak
PhysicalDescription:93 s. ilustr. 21 cm
Published: Bratislava Gerlach Print 2007
ISBN:9788089142125
Edition:[1. vyd.]
Subjects:

MARC

LEADER 00000nam a2200000 a 4500
001 vtls009180779
003 SK-MaSNL
005 20260302005554.0
008 240313s2007 xo a g 000 0 slo
015 |a SNBA2008/03-01304 
020 |a 9788089142125  |q (brož.) 
035 |a 788CEEAD-F9F0-4D04-BE76-10470D66A726 
035 |a urn:nbn:sk:snk-amkzan 
035 |a urn:nbn:sk:snk-am008p8f 
040 |a SNK  |b slo  |c SNK  |e AACR2 
041 0 |a slo 
044 |a xo  |c SK 
072 7 |a 821.162.4-1  |x Slovenská poézia  |2 konspekt 
080 |a 821.162.4-1  |2 2001 
100 1 |a Pružincová, Mária,  |d 1929-2021  |4 aut  |9 189077 
245 1 0 |a V jesennom šeleste  |c Mária Pružincová ; [ilustroval: Oldrich Majda] 
250 |a [1. vyd.] 
260 |a Bratislava  |b Gerlach Print  |c 2007 
300 |a 93 s.  |b ilustr.  |c 21 cm 
500 |a Vydané v spolupráci s vydavateľstvom Bonus C.C.S., spol. s.r.o. Bratislava 
650 0 7 |a slovenská poézia  |2 SNKPH  |9 215422 
700 1 |a Majda, Oldrich,  |d 1930-2006  |4 ill  |9 193705 
919 |a 978-80-89142-12-5 
958 |a LX 
958 |a OND 
968 |d 821 
999 |c 999980  |d 1001910 
952 |a SNK  |b SNK  |y PREZ  |7 0  |p 17A0578673  |o snkSC 130729  |i snk2008/2872  |8 0  |0 0  |1 0  |4 0  |d 2008-02-05  |f 1  |l 0  |r 2025-06-19 00:00:00  |w 2026-02-24 
952 |a SNK  |b SNK  |y VYP  |7 0  |p 17A0578672  |o snkSC 130729 D1  |i snk2008/2873  |8 0  |0 0  |1 0  |4 0  |d 2008-02-05  |l 0  |r 2026-02-24 12:16:35  |w 2026-02-24